00189nam a22000977a 4500040000800000082001500008100001000023245003900033250001000072300000900082 cdlc a915.491003 aCosme aThe Pakistan Gazetteer Vol 01 - 07 av-1-7 a330p